LEADER 01205nam a2200253 i 4500 001 000000223495 003 CaOOAMICUS 005 20191127122703.0 008 131015s1987 it u000 u ita u 013 $a202392 040 $aSeMil$bita 100 1 $aBiffi, Giacomo,$c.$0(OLS)http://semarc/name/4783 245 10$aChi è il laico /$cGiacomo Biffi ; intervista di Angelo Scola. 260 $a[S.l. :$bs.n.],$c1987. 300 $a24 p. ;$c24 cm. 500 $aArchidiocesi di Bologna, Ufficio delle Comunicazioni Sociali. Supplemento al n. 2, febbraio 1987 a 30giorni. - In mezzo al front : 5. 650 4$aBiffi, Giacomo - Scritti, discorsi, omelie, lettere pastorali, etc.$0(OLS)http://semarc/subject/17070 650 4$aSinodo dei Vescovi <7 ; 1987> - Laici.$0(OLS)http://semarc/subject/1979 700 1 $aScola, Angelo,$c.$0(OLS)http://semarc/name/3364 850 $aSeMil 852 $aSeMil$W1$xVenegono$y1$m5D X 26/4$j173841$B173841$CSeMilBibl$Z2$F184114 $81 996 $6245$aChi è il laico$9(OLS)http://semarc/title/320453 996 $6260$a[S.l. :$bs.n.]$9(OLS)http://semarc/publisher/29751 LEADER 00542nam a2200169 i 4500 001 000000103575 003 CaOOAMICUS 005 20011009000000.0 008 011009n it u000 u ita u 013 $a75746 040 $aSeMil$bita 245 10$aA-L. 773 0 $tDizionario critico della letteratura tedesca.$dTorino : UTET, 1976.$gVol.1$w()642 850 $aSeMil 852 $aSeMil$W1$xVenegono$y1$mSL1.D VIII 3$j60036$B60036$CSeMilBibl$Z2$F44516 $8I 961 $aAcquisto: UTET (Agente) 996 $6245$aA-L$9(OLS)http://semarc/title/48628